[Event "Oberliga Sued W 1516"]
[Site "Germany"]
[Date "2015.12.13"]
[Round "4.8"]
[White "Weyerhauser, Joerg"]
[Black "Lantzsch, Christian"]
[Result "1/2-1/2"]
[WhiteElo "2073"]
[BlackElo "2224"]
[PlyCount "146"]
[EventDate "2015.09.20"]
[EventType "team-tourn"]
[EventRounds "9"]
[EventCountry "GER"]
[SourceTitle "CBM 170 Extra"]
[Source "ChessBase"]
[SourceDate "2016.02.25"]
[SourceVersion "1"]
[SourceVersionDate "2016.02.25"]
[SourceQuality "1"]
[WhiteTeam "Gau Algesheim"]
[BlackTeam "Heidesheim"]
[WhiteTeamCountry "GER"]
[BlackTeamCountry "GER"]

1. d4 d6 2. c4 e5 3. dxe5 dxe5 4. Qxd8+ Kxd8 5. Nc3 Be6 6. e3 Nd7 7. Nf3 f6 8. Be2 a5 9. 0-0 a4 10. Rd1 Kc8 11. Bd2 Nh6 12. Be1 Nf7 13. Ne4 Be7 14. Rac1 g5 15. c5 Bxa2 16. c6 bxc6 17. Rxc6 Nb8 18. Rcc1 Bb3 19. Rd3 f5 20. Rdc3 Ra7 21. Nc5 g4 22. Nd2 Bxc5 23. Rxc5 Be6 24. Nc4 Nd7 25. Ra5 Kb8 26. Na3 c5 27. Bb5 Rc8 28. Bxa4 Nb6 29. Bd1 Rxa5 30. Bxa5 Kb7 31. Be2 Nd6 32. Bc3 Nd7 33. Nb5 Nxb5 34. Bxb5 e4 35. Rd1 Nb6 36. Rd6 Bc4 37. Rxb6+ Kxb6 38. Bxc4 Ra8 39. g3 Re8 40. Kg2 Kc6 41. h3 Kd6 42. h4 Rb8 43. h5 h6 44. Bf7 Rb7 45. Bg6 Ke6 46. Kf1 Ra7 47. Ke2 Rd7 48. Ke1 Rb7 49. Kd2 Rd7+ 50. Kc2 Rb7 51. b3 Ra7 52. Bb2 Kd5 53. Kc3 Re7 54. Bc1 Ra7 55. Bd2 Ke6 56. Kb2 Rb7 57. Bc3 Kd5 58. Kc2 Ke6 59. Be8 Kd5 60. Bf6 Ke6 61. Bb2 Kd5 62. Kc3 Ra7 63. Bb5 Rb7 64. Bc4+ Kd6 65. Kc2 Ra7 66. Kb1 Rb7 67. Bf6 Ra7 68. Kb2 Rb7 69. Kc3 Ra7 70. Kb2 Rb7 71. Bg8 Rb8 72. Bc4 Rb7 73. Ba6 Rc7 1/2-1/2

[Event "Oberliga Sued W 1314"]
[Site "Germany"]
[Date "2013.11.24"]
[Round "3.3"]
[White "Weyerhauser, Joerg"]
[Black "Meskovs, Nikita"]
[Result "0-1"]
[WhiteElo "2112"]
[BlackElo "2372"]
[PlyCount "72"]
[EventDate "2013.10.13"]
[EventType "team-tourn"]
[EventRounds "9"]
[EventCountry "GER"]
[SourceTitle "EXT 2015"]
[Source "ChessBase"]
[SourceDate "2014.11.20"]
[SourceVersion "1"]
[SourceVersionDate "2014.11.20"]
[SourceQuality "1"]
[WhiteTeam "Gau Algesheim"]
[BlackTeam "Schwegenheim"]
[WhiteTeamCountry "GER"]
[BlackTeamCountry "GER"]

1. d4 Nf6 2. c4 c5 3. d5 b5 4. Qc2 e6 5. e4 bxc4 6. Bxc4 exd5 7. exd5 Be7 8. Ne2 0-0 9. 0-0 d6 10. Nbc3 Nbd7 11. a4 Ne5 12. b3 Nxc4 13. bxc4 Re8 14. Ng3 Ng4 15. Rb1 Ne5 16. Nd1 g6 17. Ne3 f5 18. f4 Nd7 19. Rf3 Bf6 20. Bd2 Bd4 21. Ne2 Qf6 22. Bc3 Rxe3 23. Nxd4 Rxc3 24. Rxc3 cxd4 25. Rcb3 Ba6 26. a5 Kg7 27. Qe2 Rc8 28. Rb7 Bxb7 29. Rxb7 Rd8 30. Qe6 d3 31. Rxd7+ Rxd7 32. Qxd7+ Kh6 33. Qa4 Qd4+ 34. Kf1 Qxf4+ 35. Ke1 Qe3+ 36. Kd1 Qe2+ 0-1